Roma 2, 3, 4: guía planificada para la visita de la ciudad en dos, tres o cuatro dias

Guardat en:
Dades bibliogràfiques
Autors principals: Andreoli, Paolo (Autor), Cartocci, Sergio (Autor)
Format: Llibre
Idioma:espanyol
Publicat: Roma OTO 1973
Matèries:
Etiquetes: Afegir etiqueta
Sense etiquetes, Sigues el primer a etiquetar aquest registre!

MARC

LEADER 00000nam a2200000 a 4500
001 UCY0455
003 CL-VaPUC
008 940802e19730000IT |||||||||||||||||spa|d
082 0 4 |a 910.202  |b AND  |2 21 
100 0 |a Andreoli, Paolo  |e author  |9 328175 
700 0 |a Cartocci, Sergio  |e author  |9 328176 
245 1 0 |a Roma 2, 3, 4: guía planificada para la visita de la ciudad en dos, tres o cuatro dias 
300 |a 191 p 
942 |c BK 
945 |d 19940802 00:00:00  |a oaravena 
260 |a Roma  |b OTO  |c 1973 
650 7 |a GUIA TURISTICA  |2 CL-VaPUC  |9 328105 
651 0 |a Roma   |9 255106 
583 |a last modification  |c 19940802 00:00:00  |k Rodrigo Vera 
999 |c 229452  |d 229450 
952 |0 0  |1 0  |4 0  |6 910_202000000000000_AND_1973  |7 0  |8 P  |9 230586  |a BIBARQ  |b BIBARQ  |d 2019-11-15  |i 3000486  |o 910.202 AND 1973  |p 3000486  |r 2025-01-20  |w 2019-11-15  |y BK  |k ARQ